000 00466nam a2200181Ia 4500
008 230917s9999||||xx |||||||||||||| ||und||
020 _cRS360
040 _e227945
_aMAIN
041 _aEnglish
082 _a342 K48A(20)
100 _aKesari, U P D
245 0 _aAdministrative law
250 _a20th ed.
260 _aAllahabad
_bCentral Law Publications
_c2014
300 _a616 p.
500 _a2086 26/08/2015 KB15/115 11/09/2015 Main Budget
942 _cBK
999 _c15701
_d15701